Novyje normy bankovskoj žizni.

Premena Gosbanku v súlade s novými zákonmi o bankovom systéme z 11.12.1990 v ZSSR. Zmeny Gosbanky na rezervný systém krajiny a jeho funkcie. Základné operácie bánk rezervného systému. Obnovenie úlohy úveru v ekonomike. Úverová zmluva ako základ vzťahov medzi bankou a klientami. Zákonná úprava nových...

Description complète

Enregistré dans:
Détails bibliographiques
Auteur principal: Levčuk, I.
Format: Chapitre de livre
Langue:russe
Sujets:
Tags: Ajouter un tag
Pas de tags, Soyez le premier à ajouter un tag!

MARC

LEADER 00000naa a2200000 4500
001 r005369
005 20221208123208.0
041 0 |a rus 
044 |a SU 
245 1 0 |a Novyje normy bankovskoj žizni.  |c I. Levčuk 
520 |a Premena Gosbanku v súlade s novými zákonmi o bankovom systéme z 11.12.1990 v ZSSR. Zmeny Gosbanky na rezervný systém krajiny a jeho funkcie. Základné operácie bánk rezervného systému. Obnovenie úlohy úveru v ekonomike. Úverová zmluva ako základ vzťahov medzi bankou a klientami. Zákonná úprava nových vzťahov medzi bankami. 
610 2 0 |a Gosbank ZSSR 
610 2 0 |a rezervy finančné 
610 2 0 |a úver bankový 
610 2 0 |a ZSSR 
610 2 0 |a operácie bankové 
100 1 |a Levčuk, I.